As aventuras de Pinóquio (Registo nº 306)

Detalhes MARC
000 -Etiqueta do registo
Cabeçalho 00629nam0a2200229 4500
005 - Identificador da versão
Campo de controlo 20240813121759.0
010 ## - Número internacional normalizado dos livros (ISBN)
Número (ISBN) 9722108514
021 ## - Número do Depósito Legal
Código do país PT
Número 66 878/93
100 ## - Dados gerais de processamento
Dados gerais de processamento 20160314d1999 a e0pory5003 ba
102 ## - Pais de publicação ou produção
País de publicação Portugal
101 1# - Língua de publicação
Língua do texto, banda sonora, etc. Português
Língua do documento no original Italiano
215 ## - Descrição física 
Indicação específica da natureza do documento e extensão da espécie 247 p
200 1# - Titulo e menção de responsabilidade
Título próprio As aventuras de Pinóquio
Primeira menção de responsabilidade Carlo Collodi
210 ## - Publicação, Distribuição, etc. 
Lugar da edição, distribuição, etc. Lisboa
Nome do editor, distribuidor, etc. Caminho
Data da publicação, distribuição, etc. cop. 1993
Data da impressão imp. 1999
606 ## - Nome comum usado como assunto
Número de registo de entrada de autoridade 0002789
Palavra de ordem Literatura italiana
Subdivisão de assunto Conto
Código do sistema CA
675 ## - Classificação Decimal Universal (CDU)
Notação 821.131.1-34
Edição 3ª ed.
Língua da edição por
700 #1 - Nome de autor-pessoa física (responsabilidade principal)
Número de registo de entrada de autoridade 0002791
Palavra de ordem Collodi
Outra parte do nome não tomada para palavra de ordem Carlo
Datas 1826-1890
966 ## - Identificação da Biblioteca
Sigla EB2,3ENM
942 ## - Elementos de entrada adicionados (Koha)
Tipo de item no Koha Livro
Exemplares
Situação do levantamento Origin of item (home branch) (coded) Biblioteca de empréstimo Código de barras Cota Circulation type (not for loan) Tipo de documento Nota do exemplar Damaged status
  Biblioteca Escolar Eng. Nuno Mergulhão Biblioteca Escolar Eng. Nuno Mergulhão BENM541 82LE-34 COL   Livro Sem mensagem